000 00342nam a2200145Ia 4500
008 230917s9999||||xx |||||||||||||| ||und||
040 _e201253
_aMAIN
041 _aEnglish
082 _a301.04 L328C
100 _aLarrain,Jorge
245 0 _aConcept of ideology
260 _aLondon
_bHutchinson
_c1979
300 _a256p p.
942 _cBK
999 _c202437
_d202437